Vista normal
Vista MARC
Entrada Personal Name
Número de registros utilizados en: 1
001 - CONTROL NUMBER
- control field: 2735
003 - CONTROL NUMBER IDENTIFIER
- control field: OSt
005 - DATE AND TIME OF LATEST TRANSACTION
- control field: 20131017185048.0
008 - FIXED-LENGTH DATA ELEMENTS
- fixed length control field: 131017|||a|||||| | ||| d
040 ## - CATALOGING SOURCE
- Original cataloging agency: OSt
- Transcribing agency: OSt
100 ## - HEADING--PERSONAL NAME
- Personal name: Findling, Liliana
670 ## - SOURCE DATA FOUND
- Source citation: Work cat.: (OSt): Lopez, Elsa 2734, Seminario V: Desigualdades en la percepcion de morbilidad y en las conductas frente al cuidado de la salud, 2005